Administración
Tallennettuna:
| Päätekijät: | , |
|---|---|
| Aineistotyyppi: | Kirja |
| Kieli: | espanja |
| Julkaistu: |
Ciudad de México
Compañía Editorial Continental
1989
|
| Painos: | 2a. ed |
| Aiheet: | |
| Tagit: |
Lisää tagi
Ei tageja, Lisää ensimmäinen tagi!
|
MARC
| LEADER | 00000nam a2200000 a 4500 | ||
|---|---|---|---|
| 001 | UCW2819 | ||
| 003 | CL-VaPUC | ||
| 008 | 920708e19890000MX |||||||||||||||||spa|d | ||
| 082 | 0 | 4 | |a 658 |b HIC |2 21 |
| 100 | |a Hicks, Herbert G |e author |9 468352 | ||
| 700 | 0 | |a Gullett, C. ray |e author |9 468353 | |
| 245 | 1 | 0 | |a Administración |
| 250 | |a 2a. ed | ||
| 300 | |a 653 p | ||
| 942 | |c BK | ||
| 945 | |d 19920708 00:00:00 | ||
| 260 | |a Ciudad de México |b Compañía Editorial Continental |c 1989 | ||
| 650 | 0 | |a Administración |9 259325 | |
| 650 | 0 | |a Organización |9 256369 | |
| 583 | |a last modification |c 19920708 00:00:00 |k Rodrigo Vera | ||
| 999 | |c 299872 |d 299870 | ||
| 952 | |0 0 |1 0 |4 0 |6 658_000000000000000_HIC_1989 |7 0 |8 A |9 356867 |a BIBGIM |b BIBGIM |d 2019-11-21 |i 2715430 |o 658 HIC 1989 |p 2715430 |r 2025-01-15 |w 2019-11-21 |y BK |k COM | ||